00673nam a22001937a 4500999001900000005001700019008004100036050002100077100002300098245005100121250001200172260002800184300002200212490003300234650003100267650002800298942001300326952014000339 c149158d14915620190618115649.0190618b gw ||||| |||| 00| 0 ger d04aD16.9 bG65 19611 aReinisch, Leonhard14aDer Sinn der Geschichte, /cReinisch, Leonhard a1a ed.  aMunich: bBeck, c1961. a135 p. ;c21 cm. 0 aBECKSCHE BLACK ROW , BD v15 4aFilosofía de la Historia 4aFilsosfía xHistoria  2lcccLIB 102lcc4071aLIC-020bLIC-020cFLVd2019-06-18eDONf1a ed. iHkEHoD16.9 G65 1961pBFF000032483r2019-06-18 00:00:00tC:1v1.00yLIB